Central Library OPAC University of Rajshahi

The metaphysics of logical positivism / (Record no. 28245)

MARC details
000 -LEADER
fixed length control field 00626nam a2200229 a 4500
001 - CONTROL NUMBER
control field 28245
003 - CONTROL NUMBER IDENTIFIER
rucl marc code BD-RjUL
005 - DATE AND TIME OF LATEST TRANSACTION
control field 20211209051245.0
008 - FIXED-LENGTH DATA ELEMENTS--GENERAL INFORMATION
fixed length control field 140329s1954 uk 000 0 eng d
035 ## - SYSTEM CONTROL NUMBER
System control number (BD-RjUL)28326
040 ## - CATALOGING SOURCE
Original cataloging agency BD-RjUL
Language of cataloging eng
Transcribing agency BD-RjUL
041 ## - LANGUAGE CODE
Language code of text/sound track or separate title eng
082 ## - DEWEY DECIMAL CLASSIFICATION NUMBER
Classification number 149.94
Edition number 18
Author mark and year BEM 1954
Classification number 149.94
Edition number 18
100 1# - MAIN ENTRY--PERSONAL NAME
Personal name Bergmann, Gustav,
Dates associated with a name 1906-1987
9 (RLIN) 24828
245 14 - TITLE STATEMENT
Title The metaphysics of logical positivism /
Statement of responsibility, etc. by Gustav Bergmann
250 ## - EDITION STATEMENT
Edition statement 1st ed..
260 ## - PUBLICATION, DISTRIBUTION, ETC. (IMPRINT)
Place of publication, distribution, etc. Longmans, Green,
Date of publication, distribution, etc. 1954
300 ## - PHYSICAL DESCRIPTION
Pagination 341 p. :
Illustrations ill. ;
Size 22 cm
650 #0 - SUBJECT ADDED ENTRY--TOPICAL TERM
Topical term or geographic name as entry element Logical positivism
9 (RLIN) 3779
942 ## - ADDED ENTRY ELEMENTS (KOHA)
Source of classification or shelving scheme Dewey Decimal Classification
Koha item type Books
Holdings
Lost status Source of classification or shelving scheme Damaged status Not for loan Collection code Permanent Location Current Location Shelving location Date acquired Source of acquisition Total Checkouts Full call number Date last seen Copy number Koha item type Cost, normal purchase price
  Dewey Decimal Classification     Non-fiction Central Library, University of Rajshahi Central Library, University of Rajshahi Reading Room 11/02/1965 Zeitlinger   149.94 BEM 1954 29/03/2014 C-3 Books  
  Dewey Decimal Classification     Non-fiction Central Library, University of Rajshahi Central Library, University of Rajshahi   16/02/1967 Zeitlinger   149.94 BEM 1954 29/03/2014 C-4 Books  
  Dewey Decimal Classification     Non-fiction Central Library, University of Rajshahi Central Library, University of Rajshahi   11/02/1963 Zeithlinger   149.94 BEM 1954 20/07/2016 C-2 Books  
  Dewey Decimal Classification   Not For Loan Non-fiction Central Library, University of Rajshahi Central Library, University of Rajshahi Reading Room 11/02/1963 Zeetlinger   149.94 BEM 1954 04/12/2016 C-1 Books 0.00